Parties involved in constructions management process (reconstruction incubator STU)

Bibliographic Details
Main Author: Kalinová, Gabriela (Author)
Format: Book
Language:English
PhysicalDescription:43 s. čiernobile fotogr., tab., grafy 30 cm
Published: Bratislava Slovenská technická univerzita 2008
ISBN:9788022729154
Edition:1. vyd.
Subjects:

MARC

LEADER 00000nam a22000005a 4500
001 vtls009467221
003 SK-MaSNL
005 20260301082021.0
008 251104s2008 xo odl f 000 0 eng
015 |a SNBE2009/03-00938 
020 |a 9788022729154  |q (brož.) 
040 |a SNK  |b slo  |c SNK  |e AACR2 
041 0 |a eng 
044 |a xo  |c SK 
072 7 |a 71  |x Územné plánovanie. Urbanizmus. Pamiatková starostlivosť  |2 konspekt 
080 |a 711  |2 2001 
080 |a 005.8  |2 2001 
080 |a 005.93  |2 2001 
080 |a (048.8)  |2 2001 
100 1 |a Kalinová, Gabriela  |4 aut  |9 15398 
245 1 0 |a Parties involved in constructions management process (reconstruction incubator STU)  |c Gabriela Kalinová 
250 |a 1. vyd. 
260 |a Bratislava  |b Slovenská technická univerzita  |c 2008 
300 |a 43 s.  |b čiernobile fotogr., tab., grafy  |c 30 cm 
366 |e 50 výtl. 
500 |a Názov z obalu 
500 |a Project Management of design and construction in existing context. European specific qualification - Design and construction in existing context 
650 0 7 |a územné plánovanie  |2 SNKPH  |9 2641 
650 0 7 |a projektový manažment  |2 SNKPH  |9 937 
650 0 7 |a manažment  |2 SNKPH  |9 922 
650 0 7 |a dištančné vzdelávanie  |2 SNKPH  |9 4329 
655 7 |a štúdie  |2 SNKPH  |9 57033 
919 |a 978-80-227-2915-4 
999 |c 657451  |d 659381 
952 |a SNK  |b SNK  |y VYP  |7 0  |p 17A0608773  |o snkOSB 15383 D1  |i snk2009/1409  |8 0  |0 0  |1 0  |4 0  |d 2009-01-30  |l 0  |r 2026-02-23 18:42:33  |w 2026-02-23 
952 |a SNK  |b SNK  |y PREZ  |7 0  |p 17A0608774  |o snkOSB 15383  |i snk2009/1408  |8 0  |0 0  |1 0  |4 0  |d 2009-01-30  |l 0  |r 2026-02-23 18:42:33  |w 2026-02-23